|
|
|
|
| LEADER |
00000nab a2200000uu 4500 |
| 001 |
vtls011440990 |
| 003 |
SK-MaSNL |
| 005 |
20260303123328.0 |
| 008 |
230213|1976 xo |||||||||||||||||slo| |
| 015 |
|
|
|a SNBRB
|
| 035 |
|
|
|a (urnnbn)urn:nbn:sk:snk:ar-002zph
|
| 035 |
|
|
|a (uuid)221bd4de-bccd-43b3-b04c-b4e41fd289e4
|
| 035 |
|
|
|a urn:nbn:sk:snk-abcfc5
|
| 040 |
|
|
|a SNKBUCL
|b slo
|c SNKBUCL
|e AACR2
|
| 041 |
0 |
|
|a slo
|
| 044 |
|
|
|a xo
|c SK
|
| 100 |
1 |
|
|a Frank, Vladimír,
|d 1941-
|4 aut
|9 201405
|
| 245 |
1 |
0 |
|a UTILIZÁCIA MODIFIKÁCIÍ D-GLUKÓZY NEADAPTOVANÝMI A ADAPTOVANÝMI BUNKOVÝMI LÍNIAMI
|c Vladimír Frank, Katarína Horáková, Nádeja Valentová, Ondrej Smelík
|
| 700 |
1 |
|
|a Horáková, Katarína,
|d 1934-
|4 aut
|9 86496
|
| 700 |
1 |
|
|a Smelík, Ondrej
|4 aut
|9 342597
|
| 700 |
1 |
|
|a Valentová, Nádeja
|4 aut
|9 1119695
|
| 773 |
0 |
|
|t Biológia : časopis Slovenskej akadémie vied
|g Roč. 31, č. 12 (1976), s. 949-959
|
| 954 |
|
|
|a odborná, vedecká literatúra pôvodná (slovenská)
|2 lita
|
| 958 |
|
|
|a OND
|
| 958 |
|
|
|a EUIPO
|
| 958 |
|
|
|a article16
|
| 999 |
|
|
|c 1925278
|d 1927208
|